Historia de España antigua

Saved in:
Bibliographic Details
Main Authors: Blázquez, José María (Author), Roldán, José Manuel (Author), Teja, Ramón (Author), Sayas, Juan José (Author), García Iglesias, Luis (Author), Arce, Javier (Author)
Other Authors: Montenegro Duque, Angel (autor), Mangas, Julio (autor)
Format: Book
Language:Spanish
Published: Madrid, España Cátedra 1978
Subjects:
Tags: Add Tag
No Tags, Be the first to tag this record!

MARC

LEADER 00000nam a2200000 a 4500
001 UCO1295
003 CL-VaPUC
005 20241014131057.0
008 000512e19780000SP |||||||||||||||||spa|d
999 |c 287923  |d 287921 
040 |c Pontificia Universidad Católica de Valparaíso 
082 0 4 |a 936.6 BLA 1978  |2 21 
100 0 |a Blázquez, José María  |e author  |9 443276 
245 1 0 |a Historia de España antigua 
260 |a Madrid, España  |b Cátedra  |c 1978 
300 |a 2 volúmenes 
500 |a v.1: Protohistoria 
500 |a v.2: Hispania Romana 
583 |a last modification  |c 20000512 00:00:00  |k Rodrigo Vera 
650 0 |a Historia de España  |9 315435 
650 0 |a Imperio Romano  |z ESPAÑA  |9 322785 
651 7 |a PENISULA IBERICA  |2 CL-VaPUC  |9 443228 
700 |a Montenegro Duque, Angel  |e autor  |9 319362 
700 0 |a Roldán, José Manuel  |e author  |9 443278 
700 |a Mangas, Julio  |e autor  |9 480530 
700 0 |a Teja, Ramón  |e author  |9 443280 
700 0 |a Sayas, Juan José  |e author  |9 443281 
700 0 |a García Iglesias, Luis  |e author  |9 443282 
700 0 |a Arce, Javier  |e author  |9 443283 
942 |c BK  |2 ddc 
945 |d 20000512 00:00:00  |a rherrera 
952 |0 0  |1 0  |2 ddc  |4 0  |6 936_600000000000000_BLA_1978  |7 0  |8 A  |9 335016  |a BIBHIS  |b BIBHIS  |d 2019-11-20  |h v.2  |i 1269275  |o 936.6 BLA 1978  |p 1269275  |r 2025-01-20  |t 1  |w 2019-11-20  |y BK  |k HIS